[Event "EYCC 2024 - O10"]
[Site "?"]
[Date "2024.08.30"]
[Round "8.1"]
[White "Uzdemir, Ali Poyraz"]
[Black "Ivanovic, Leonid"]
[Result "1-0"]
[BlackElo "2006"]
[WhiteElo "2008"]
[LiveChessVersion "1.4.8"]

1. e4 {[%clk 1:30:47]} c5 {[%clk 1:30:33]} 2. Nf3 {[%clk 1:31:13]} e6
{[%clk 1:30:44]} 3. c3 {[%clk 1:29:04]} d5 {[%clk 1:30:03]} 4. e5
{[%clk 1:27:43]} d4 {[%clk 1:25:46]} 5. cxd4 {[%clk 0:54:28]} cxd4
{[%clk 1:25:56]} 6. Bb5+ {[%clk 0:54:50]} Nc6 {[%clk 1:21:04]} 7. Bxc6+
{[%clk 0:46:37]} bxc6 {[%clk 1:21:27]} 8. Qa4 {[%clk 0:46:12]} Bc5
{[%clk 1:12:59]} 9. d3 {[%clk 0:40:55]} Qd5 {[%clk 0:55:29]} 10. Nbd2
{[%clk 0:36:02]} g5 {[%clk 0:44:42]} 11. Ne4 {[%clk 0:29:31]} g4 {[%clk 0:42:18]}
12. Nfd2 {[%clk 0:29:00]} f5 {[%clk 0:33:30]} 13. exf6 {[%clk 0:28:23]} e5
{[%clk 0:33:07]} 14. Nc4 {[%clk 0:25:29]} Bf5 {[%clk 0:24:12]} 15. O-O
{[%clk 0:23:07]} Bxe4 {[%clk 0:17:49]} 16. dxe4 {[%clk 0:23:33]} Qe6
{[%clk 0:18:10]} 17. b4 {[%clk 0:22:52]} Nxf6 {[%clk 0:11:21]} 18. bxc5
{[%clk 0:23:11]} Nxe4 {[%clk 0:09:44]} 19. Nd6+ {[%clk 0:23:25]} Nxd6
{[%clk 0:09:57]} 20. Qxc6+ {[%clk 0:23:46]} Ke7 {[%clk 0:10:08]} 21. cxd6+
{[%clk 0:23:49]} Qxd6 {[%clk 0:10:24]} 22. Qa4 {[%clk 0:23:52]} Kf7
{[%clk 0:10:32]} 23. Qb3+ {[%clk 0:23:57]} Qe6 {[%clk 0:10:51]} 24. Qb7+
{[%clk 0:24:12]} Kg6 {[%clk 0:10:45]} 25. Re1 {[%clk 0:23:45]} Rhe8
{[%clk 0:11:00]} 26. Bf4 {[%clk 0:19:38]} Rab8 {[%clk 0:10:44]} 27. Qxa7
{[%clk 0:18:20]} Qd6 {[%clk 0:09:49]} 28. Bg3 {[%clk 0:18:19]} Rb2
{[%clk 0:08:56]} 29. Qa4 {[%clk 0:18:13]} Re7 {[%clk 0:08:57]} 30. Qd1
{[%clk 0:18:27]} h5 {[%clk 0:08:42]} 31. Qd3+ {[%clk 0:18:49]} Kh6
{[%clk 0:08:31]} 32. Qf5 {[%clk 0:17:58]} Qg6 {[%clk 0:08:29]} 33. Qf8+
{[%clk 0:17:57]} Qg7 {[%clk 0:08:55]} 34. Qxg7+ {[%clk 0:18:18]} Rxg7
{[%clk 0:09:15]} 35. Bxe5 {[%clk 0:18:45]} Rd7 {[%clk 0:09:31]} 36. Rad1
{[%clk 0:19:10]} Rxa2 {[%clk 0:09:53]} 37. Bxd4 {[%clk 0:19:34]} Kg6
{[%clk 0:10:04]} 38. Bc3 {[%clk 0:19:38]} Rxd1 {[%clk 0:10:27]} 39. Rxd1
{[%clk 0:20:05]} Rc2 {[%clk 0:10:51]} 40. Bd4 {[%clk 0:20:31]} Kf5
{[%clk 0:11:14]} 41. Be3 {[%clk 0:21:00]} h4 {[%clk 0:11:12]} 42. g3
{[%clk 0:21:06]} h3 {[%clk 0:11:31]} 43. Kf1 {[%clk 0:21:34]} Ra2
{[%clk 0:11:37]} 44. Rd5+ {[%clk 0:21:41]} Ke6 {[%clk 0:11:59]} 45. Rg5
{[%clk 0:22:00]} Ra1+ {[%clk 0:12:22]} 46. Ke2 {[%clk 0:22:27]} Rh1
{[%clk 0:12:46]} 47. Rxg4 {[%clk 0:22:50]} Rxh2 {[%clk 0:13:10]} 48. Rh4
{[%clk 0:23:08]} Kf5 {[%clk 0:13:33]} 49. Kf3 {[%clk 0:23:18]} Rh1
{[%clk 0:13:57]} 50. Bf4 {[%clk 0:23:39]} Kg6 {[%clk 0:14:12]} 51. g4
{[%clk 0:24:02]} Kg7 {[%clk 0:14:30]} 52. Kg3 {[%clk 0:24:27]} Ra1
{[%clk 0:14:52]} 53. Be5+ {[%clk 0:24:53]} Kg6 {[%clk 0:15:16]} 54. Bxa1
{[%clk 0:25:19]} Kg5 {[%clk 0:15:32]} 55. f4+ {[%clk 0:25:43]} Kg6
{[%clk 0:15:57]} 56. f5+ {[%clk 0:26:11]} Kf7 {[%clk 0:16:21]} 57. g5
{[%clk 0:26:38]} Kg8 {[%clk 0:16:46]} 58. g6 {[%clk 0:27:05]} Kf8
{[%clk 0:17:12]} 59. Bf6 {[%clk 0:27:25]} Ke8 {[%clk 0:17:37]} 60. Rd4
{[%clk 0:27:51]} 1-0

[Event "EYCC 2024 - O10"]
[Site "?"]
[Date "2024.08.30"]
[Round "8.2"]
[White "Orman, Attila"]
[Black "Li, Yunqi"]
[Result "0-1"]
[BlackElo "1968"]
[WhiteElo "2090"]
[LiveChessVersion "1.4.8"]

1. e4 {[%clk 1:31:00]} e6 {[%clk 1:30:50]} 2. d4 {[%clk 1:31:27]} d5
{[%clk 1:31:12]} 3. Nd2 {[%clk 1:31:52]} Nf6 {[%clk 1:31:32]} 4. e5
{[%clk 1:31:05]} Nfd7 {[%clk 1:31:53]} 5. Bd3 {[%clk 1:31:30]} c5
{[%clk 1:32:10]} 6. c3 {[%clk 1:31:56]} Nc6 {[%clk 1:32:27]} 7. Ne2
{[%clk 1:32:23]} cxd4 {[%clk 1:32:44]} 8. cxd4 {[%clk 1:32:50]} f6
{[%clk 1:33:04]} 9. exf6 {[%clk 1:33:17]} Nxf6 {[%clk 1:33:10]} 10. Nf3
{[%clk 1:33:43]} Bd6 {[%clk 1:33:20]} 11. O-O {[%clk 1:32:30]} Qc7
{[%clk 1:33:43]} 12. Bg5 {[%clk 1:32:56]} O-O {[%clk 1:33:46]} 13. Bh4
{[%clk 1:33:14]} Bd7 {[%clk 1:32:55]} 14. Bg3 {[%clk 1:32:17]} Be8
{[%clk 1:27:39]} 15. Bxd6 {[%clk 1:31:51]} Qxd6 {[%clk 1:27:53]} 16. Ng3
{[%clk 1:32:15]} Kh8 {[%clk 1:19:57]} 17. Re1 {[%clk 1:31:13]} Bf7
{[%clk 1:18:22]} 18. Rc1 {[%clk 1:29:02]} Rae8 {[%clk 1:12:54]} 19. Bb5
{[%clk 1:26:30]} Nd7 {[%clk 1:08:13]} 20. Ne5 {[%clk 1:25:47]} Ndxe5
{[%clk 1:05:22]} 21. dxe5 {[%clk 1:25:36]} Qc7 {[%clk 1:05:37]} 22. Bxc6
{[%clk 1:20:37]} bxc6 {[%clk 1:05:48]} 23. Qd4 {[%clk 1:21:06]} Rc8
{[%clk 0:59:54]} 24. Rc5 {[%clk 1:20:40]} Be8 {[%clk 0:53:10]} 25. Ne2
{[%clk 1:19:15]} Bd7 {[%clk 0:52:44]} 26. f4 {[%clk 1:16:27]} Qb6
{[%clk 0:50:57]} 27. Rec1 {[%clk 1:13:24]} Rb8 {[%clk 0:43:57]} 28. b3
{[%clk 1:13:12]} Qa6 {[%clk 0:42:37]} 29. Nc3 {[%clk 1:11:39]} Qa3
{[%clk 0:42:21]} 30. Rf1 {[%clk 1:11:27]} Rb4 {[%clk 0:42:00]} 31. Nb1
{[%clk 1:10:54]} Qxb3 {[%clk 0:40:02]} 32. Qd2 {[%clk 1:10:33]} Qa4
{[%clk 0:39:22]} 33. Nc3 {[%clk 1:10:48]} Qa3 {[%clk 0:36:26]} 34. f5
{[%clk 1:09:48]} exf5 {[%clk 0:32:36]} 35. e6 {[%clk 1:09:40]} Rb2
{[%clk 0:31:02]} 36. Qd4 {[%clk 1:07:55]} Be8 {[%clk 0:31:01]} 37. e7
{[%clk 1:07:34]} Rf7 {[%clk 0:31:07]} 38. Re1 {[%clk 1:02:35]} Rd2
{[%clk 0:30:39]} 39. Qe3 {[%clk 1:00:35]} f4 {[%clk 0:30:52]} 40. Qxd2
{[%clk 0:56:56]} Qxc5+ {[%clk 0:31:15]} 41. Kh1 {[%clk 0:57:22]} Rxe7
{[%clk 0:31:09]} 42. Rf1 {[%clk 0:57:15]} h6 {[%clk 0:30:56]} 43. Qxf4
{[%clk 0:57:38]} Rf7 {[%clk 0:31:03]} 0-1

[Event "EYCC 2024 - O10"]
[Site "?"]
[Date "2024.08.30"]
[Round "8.3"]
[White "Kolodziejczyk, Boris"]
[Black "Koyunoglu, Omer Alp"]
[Result "1-0"]
[BlackElo "1767"]
[WhiteElo "1983"]
[LiveChessVersion "1.4.8"]

1. e4 {[%clk 1:30:57]} e5 {[%clk 1:30:15]} 2. Nf3 {[%clk 1:31:14]} Nc6
{[%clk 1:30:30]} 3. Bb5 {[%clk 1:31:33]} a6 {[%clk 1:30:50]} 4. Ba4
{[%clk 1:32:02]} Nf6 {[%clk 1:31:10]} 5. O-O {[%clk 1:32:28]} b5 {[%clk 1:31:30]}
6. Bb3 {[%clk 1:32:44]} Bb7 {[%clk 1:31:50]} 7. Re1 {[%clk 1:28:40]} Bc5
{[%clk 1:27:38]} 8. c3 {[%clk 1:28:20]} d6 {[%clk 1:25:59]} 9. d4
{[%clk 1:27:16]} Bb6 {[%clk 1:25:20]} 10. Bg5 {[%clk 1:20:31]} h6
{[%clk 1:07:41]} 11. Bh4 {[%clk 1:12:39]} g5 {[%clk 0:54:01]} 12. Bg3
{[%clk 1:11:16]} Qe7 {[%clk 0:44:10]} 13. a4 {[%clk 1:08:36]} O-O-O
{[%clk 0:29:30]} 14. axb5 {[%clk 1:08:48]} axb5 {[%clk 0:29:50]} 15. Na3
{[%clk 1:02:34]} Na7 {[%clk 0:15:32]} 16. Qe2 {[%clk 0:55:11]} exd4
{[%clk 0:07:55]} 17. Nxd4 {[%clk 0:46:36]} b4 {[%clk 0:05:22]} 18. Nc4
{[%clk 0:46:04]} Bc5 {[%clk 0:03:43]} 19. Na5 {[%clk 0:45:38]} Bxd4
{[%clk 0:00:41]} 20. Nxb7 {[%clk 0:45:09]} bxc3 {[%clk 0:00:35]} 21. bxc3
{[%clk 0:41:17]} Bxc3 {[%clk 0:00:37]} 22. Rxa7 {[%clk 0:41:28]} Bxe1
{[%clk 0:00:43]} 23. Qb5 {[%clk 0:40:18]} Kb8 {[%clk 0:00:33]} 24. Na5+
{[%clk 0:40:39]} Kxa7 {[%clk 0:01:00]} 25. Nc6+ {[%clk 0:41:07]} Ka8
{[%clk 0:01:21]} 26. Qa6# {[%clk 0:41:36]} 1-0

[Event "EYCC 2024 - O10"]
[Site "?"]
[Date "2024.08.30"]
[Round "8.4"]
[White "Wu, Chenshan"]
[Black "Zhang, Junyi"]
[Result "1/2-1/2"]
[BlackElo "1936"]
[WhiteElo "1976"]
[LiveChessVersion "1.4.8"]

1. d4 {[%clk 1:30:57]} Nf6 {[%clk 1:29:40]} 2. c4 {[%clk 1:31:08]} e6
{[%clk 1:29:49]} 3. Nc3 {[%clk 1:31:28]} Bb4 {[%clk 1:30:02]} 4. Qc2
{[%clk 1:31:26]} O-O {[%clk 1:30:28]} 5. a3 {[%clk 1:31:52]} Bxc3+
{[%clk 1:30:50]} 6. Qxc3 {[%clk 1:32:14]} b6 {[%clk 1:29:43]} 7. Bg5
{[%clk 1:32:32]} Bb7 {[%clk 1:30:09]} 8. f3 h6 {[%clk 1:30:14]} 9. Bh4
{[%clk 1:33:13]} d5 {[%clk 1:30:36]} 10. e3 {[%clk 1:32:40]} Nbd7
{[%clk 1:30:49]} 11. cxd5 Nxd5 {[%clk 1:30:06]} 12. Bxd8 {[%clk 1:33:05]} Nxc3
{[%clk 1:30:33]} 13. Bh4 {[%clk 1:32:51]} Nd5 {[%clk 1:30:56]} 14. Bf2
{[%clk 1:33:14]} c5 {[%clk 1:29:39]} 15. e4 {[%clk 1:33:01]} Nf4 {[%clk 1:25:55]}
16. O-O-O {[%clk 1:23:02]} Rac8 {[%clk 1:23:28]} 17. Kb1 {[%clk 1:23:04]} Rfd8
{[%clk 0:58:06]} 18. Ne2 {[%clk 1:22:17]} Nxe2 {[%clk 0:51:39]} 19. Bxe2
{[%clk 1:22:36]} cxd4 {[%clk 0:52:03]} 20. Bxd4 {[%clk 1:22:48]} Nf8
{[%clk 0:52:20]} 21. Be3 {[%clk 1:17:25]} Ng6 {[%clk 0:51:56]} 22. Rhe1
{[%clk 1:08:51]} Kf8 {[%clk 0:51:52]} 23. Rc1 {[%clk 1:05:23]} Ke7
{[%clk 0:48:44]} 24. Rxc8 {[%clk 1:03:29]} Rxc8 {[%clk 0:45:43]} 25. Rc1
{[%clk 1:02:32]} Rxc1+ {[%clk 0:44:43]} 26. Kxc1 {[%clk 1:02:08]} Kd6
{[%clk 0:42:08]} 27. Kd2 {[%clk 1:01:30]} Bc6 {[%clk 0:39:19]} 28. Kc3
{[%clk 0:57:43]} Bd7 {[%clk 0:33:08]} 29. Kb4 {[%clk 0:49:22]} f5
{[%clk 0:28:58]} 30. exf5 {[%clk 0:46:09]} exf5 {[%clk 0:29:13]} 31. a4
{[%clk 0:40:02]} Ne5 {[%clk 0:27:25]} 32. b3 {[%clk 0:32:58]} Nc6+
{[%clk 0:25:36]} 33. Kc3 {[%clk 0:32:19]} g5 {[%clk 0:21:11]} 34. b4
{[%clk 0:25:14]} Ne7 {[%clk 0:21:31]} 35. Kb3 {[%clk 0:23:28]} Be6+
{[%clk 0:18:40]} 36. Ka3 {[%clk 0:22:24]} f4 {[%clk 0:18:39]} 37. Bf2
{[%clk 0:11:42]} Nd5 {[%clk 0:15:41]} 38. g3 {[%clk 0:04:07]} Ke5
{[%clk 0:14:42]} 39. a5 {[%clk 0:01:38]} Ne3 {[%clk 0:13:55]} 40. axb6
{[%clk 0:01:21]} axb6 {[%clk 0:14:21]} 41. Ka4 {[%clk 0:01:21]} Bd7+
{[%clk 0:14:34]} 42. Bb5 {[%clk 0:01:19]} Be6 {[%clk 0:14:22]} 43. Be2
{[%clk 0:01:12]} Bd7+ {[%clk 0:14:27]} 44. Bb5 {[%clk 0:01:10]} Be6
{[%clk 0:14:18]} 45. Be2 1/2-1/2

[Event "EYCC 2024 - O10"]
[Site "?"]
[Date "2024.08.30"]
[Round "8.5"]
[White "Llari, Marc"]
[Black "Nakonechnyi, Oleksii"]
[Result "1-0"]
[BlackElo "1891"]
[WhiteElo "2224"]
[LiveChessVersion "1.4.8"]

1. Nf3 {[%clk 1:30:59]} Nf6 {[%clk 1:30:48]} 2. c4 {[%clk 1:31:25]} e6
{[%clk 1:31:00]} 3. g3 {[%clk 1:31:52]} d5 {[%clk 1:31:16]} 4. d4
{[%clk 1:32:17]} dxc4 {[%clk 1:31:14]} 5. Bg2 {[%clk 1:32:41]} Nbd7
{[%clk 1:31:29]} 6. O-O {[%clk 1:32:16]} c5 {[%clk 1:30:59]} 7. Na3
{[%clk 1:29:54]} cxd4 {[%clk 1:27:50]} 8. Nxc4 {[%clk 1:29:52]} Bc5
{[%clk 1:25:24]} 9. Nxd4 {[%clk 1:29:25]} O-O {[%clk 1:25:36]} 10. Nb3
{[%clk 1:28:21]} Qe7 {[%clk 1:24:34]} 11. Nxc5 {[%clk 1:28:15]} Qxc5
{[%clk 1:24:23]} 12. b3 {[%clk 1:28:04]} Qh5 {[%clk 1:21:36]} 13. Ba3
{[%clk 1:26:35]} Rd8 {[%clk 1:20:29]} 14. e3 {[%clk 1:24:59]} Qh6
{[%clk 1:16:12]} 15. Qd6 {[%clk 1:20:21]} Re8 {[%clk 1:09:34]} 16. Qc7
{[%clk 1:18:57]} Nb6 {[%clk 1:00:50]} 17. Nd6 {[%clk 1:17:08]} Bd7
{[%clk 1:00:10]} 18. Nxe8 {[%clk 1:16:57]} Rxe8 {[%clk 1:00:33]} 19. Qxb7
{[%clk 1:16:06]} Nbd5 {[%clk 1:00:07]} 20. Bb2 {[%clk 1:14:50]} Bc8
{[%clk 0:59:45]} 21. Qxa7 {[%clk 1:15:03]} e5 {[%clk 0:59:36]} 22. h4
{[%clk 1:13:26]} g5 {[%clk 0:58:50]} 23. hxg5 {[%clk 1:13:07]} Qxg5
{[%clk 0:57:00]} 24. Rfd1 {[%clk 1:11:45]} e4 {[%clk 0:53:58]} 25. Qc5
{[%clk 1:10:38]} 1-0

[Event "EYCC 2024 - O10"]
[Site "?"]
[Date "2024.08.30"]
[Round "8.6"]
[White "Dayal, Samar"]
[Black "Andre, Tomas"]
[Result "1-0"]
[BlackElo "2051"]
[WhiteElo "1721"]
[LiveChessVersion "1.4.8"]

1. e4 {[%clk 1:30:58]} c5 {[%clk 1:30:34]} 2. Nf3 {[%clk 1:31:27]} Nc6
{[%clk 1:30:30]} 3. d4 {[%clk 1:31:56]} cxd4 {[%clk 1:30:21]} 4. Nxd4
{[%clk 1:32:24]} Nf6 {[%clk 1:29:38]} 5. Nc3 {[%clk 1:32:51]} e5 {[%clk 1:28:00]}
6. Ndb5 {[%clk 1:33:08]} d6 {[%clk 1:28:16]} 7. Nd5 Nxd5 {[%clk 1:28:22]} 8. exd5
{[%clk 1:34:04]} Nb8 {[%clk 1:28:25]} 9. c4 {[%clk 1:34:23]} Be7 {[%clk 1:28:15]}
10. Be2 {[%clk 1:29:48]} O-O {[%clk 1:28:01]} 11. O-O {[%clk 1:30:16]} f5
{[%clk 1:26:13]} 12. Kh1 {[%clk 1:30:32]} Nd7 {[%clk 1:24:59]} 13. Nc3
{[%clk 1:27:37]} Bf6 {[%clk 1:23:21]} 14. Be3 {[%clk 1:27:05]} a6
{[%clk 1:17:18]} 15. Rc1 {[%clk 1:25:00]} b6 {[%clk 1:13:24]} 16. b4
{[%clk 1:17:04]} g5 {[%clk 1:09:10]} 17. g4 {[%clk 1:15:38]} f4 {[%clk 1:02:41]}
18. Bd2 {[%clk 1:16:05]} Be7 {[%clk 0:58:45]} 19. Ne4 {[%clk 1:09:17]} Bb7
{[%clk 0:58:09]} 20. f3 {[%clk 1:06:54]} Qe8 {[%clk 0:54:36]} 21. Be1
{[%clk 1:06:02]} h5 {[%clk 0:50:56]} 22. h3 {[%clk 1:06:09]} hxg4
{[%clk 0:51:15]} 23. hxg4 {[%clk 1:06:38]} Kg7 {[%clk 0:50:31]} 24. Kg2
{[%clk 1:06:47]} Rh8 {[%clk 0:49:54]} 25. Bf2 {[%clk 1:07:14]} Qg6
{[%clk 0:48:39]} 26. Qa4 {[%clk 0:54:40]} Rad8 {[%clk 0:45:00]} 27. Bd3
{[%clk 0:54:20]} b5 {[%clk 0:37:27]} 28. cxb5 {[%clk 0:39:50]} Bxd5
{[%clk 0:36:53]} 29. bxa6 {[%clk 0:40:17]} Nf6 {[%clk 0:36:02]} 30. Qc2
{[%clk 0:40:25]} Rc8 31. Nxf6 {[%clk 0:40:27]} Qxf6 {[%clk 0:21:43]} 32. Qb1
{[%clk 0:35:21]} Rh3 {[%clk 0:08:02]} 33. Kxh3 {[%clk 0:29:27]} Bxf3
{[%clk 0:07:10]} 34. Bh4 {[%clk 0:29:55]} Rh8 {[%clk 0:01:54]} 35. Rxf3
{[%clk 0:30:01]} Rxh4+ {[%clk 0:02:22]} 36. Kg2 {[%clk 0:30:30]} Rxg4+
{[%clk 0:02:29]} 37. Kf2 {[%clk 0:30:54]} e4 {[%clk 0:02:20]} 38. Qa1
{[%clk 0:30:05]} exf3 {[%clk 0:01:03]} 39. Qxf6+ {[%clk 0:25:10]} Bxf6
{[%clk 0:01:31]} 40. a7 {[%clk 0:25:39]} Bd4+ {[%clk 0:01:39]} 41. Kxf3
{[%clk 0:26:08]} Rg3+ {[%clk 0:01:57]} 42. Ke4 {[%clk 0:26:37]} Bxa7
{[%clk 0:02:08]} 43. Rc7+ {[%clk 0:27:03]} Kf6 {[%clk 0:02:31]} 44. Rxa7
{[%clk 0:27:31]} d5+ {[%clk 0:02:04]} 45. Kd4 {[%clk 0:27:53]} f3
{[%clk 0:02:26]} 46. Ra6+ {[%clk 0:27:40]} Ke7 {[%clk 0:02:44]} 47. Ke5
{[%clk 0:27:32]} f2 {[%clk 0:03:07]} 48. Re6+ {[%clk 0:27:38]} Kd7
{[%clk 0:03:19]} 49. Bb5+ {[%clk 0:28:06]} Kc7 {[%clk 0:03:29]} 50. Rf6
{[%clk 0:27:54]} Rg4 {[%clk 0:03:19]} 51. a3 {[%clk 0:22:41]} Rg3
{[%clk 0:03:09]} 52. Rxf2 {[%clk 0:22:44]} Rxa3 {[%clk 0:03:24]} 53. Kxd5
{[%clk 0:23:11]} Rb3 {[%clk 0:03:37]} 54. Kc5 {[%clk 0:23:30]} g4
{[%clk 0:03:53]} 55. Rf7+ {[%clk 0:23:58]} Kb8 {[%clk 0:03:40]} 56. Kb6
{[%clk 0:24:18]} Rf3 {[%clk 0:03:52]} 57. Rxf3 1-0

[Event "EYCC 2024 - O10"]
[Site "?"]
[Date "2024.08.30"]
[Round "8.7"]
[White "Steinbrenner, Peter"]
[Black "Perez Solanas, Hugo"]
[Result "1/2-1/2"]
[BlackElo "1818"]
[WhiteElo "1951"]
[LiveChessVersion "1.4.8"]

1. Nf3 {[%clk 1:30:56]} d5 {[%clk 1:30:51]} 2. g3 {[%clk 1:31:20]} Nd7
{[%clk 1:31:10]} 3. Bg2 {[%clk 1:31:24]} e5 {[%clk 1:31:30]} 4. d3
{[%clk 1:31:28]} Bd6 {[%clk 1:31:28]} 5. Nbd2 {[%clk 1:31:07]} Ngf6
{[%clk 1:31:24]} 6. O-O {[%clk 1:30:35]} O-O {[%clk 1:31:41]} 7. e4
{[%clk 1:26:29]} c6 {[%clk 1:30:46]} 8. Re1 {[%clk 1:20:59]} d4 {[%clk 1:28:44]}
9. Rf1 {[%clk 1:14:28]} Ne8 {[%clk 1:25:49]} 10. c3 {[%clk 1:10:49]} c5
{[%clk 1:23:06]} 11. a4 {[%clk 1:09:57]} Bc7 {[%clk 1:22:08]} 12. Nc4
{[%clk 1:07:45]} Qe7 {[%clk 1:20:21]} 13. Nh4 {[%clk 0:57:52]} Nb6
{[%clk 1:19:22]} 14. Na3 {[%clk 0:54:54]} Be6 {[%clk 1:16:22]} 15. Nb5
{[%clk 0:50:44]} a5 {[%clk 1:14:25]} 16. Nxc7 {[%clk 0:49:42]} Qxc7
{[%clk 1:13:07]} 17. c4 {[%clk 0:49:33]} Nd6 {[%clk 1:12:32]} 18. f4
{[%clk 0:48:08]} f6 {[%clk 1:11:04]} 19. Nf3 {[%clk 0:46:21]} Bg4
{[%clk 1:07:35]} 20. h3 {[%clk 0:42:13]} Bxf3 {[%clk 1:06:50]} 21. Rxf3
{[%clk 0:41:46]} Rae8 {[%clk 1:05:49]} 22. f5 {[%clk 0:41:28]} Kf7
{[%clk 1:02:32]} 23. g4 {[%clk 0:39:11]} Ke7 {[%clk 1:02:39]} 24. Qe1
{[%clk 0:34:40]} Nd7 {[%clk 1:02:02]} 25. h4 {[%clk 0:32:25]} Kd8
{[%clk 1:01:57]} 26. Bd2 {[%clk 0:29:25]} b6 {[%clk 1:02:06]} 27. Qf2
{[%clk 0:27:04]} Kc8 {[%clk 1:01:38]} 28. Ra3 {[%clk 0:25:22]} g6
{[%clk 0:56:28]} 29. fxg6 {[%clk 0:21:56]} hxg6 {[%clk 0:56:48]} 30. Bh3
{[%clk 0:20:34]} Kb8 {[%clk 0:55:16]} 31. h5 {[%clk 0:17:07]} gxh5
{[%clk 0:55:05]} 32. gxh5 {[%clk 0:17:16]} Rh8 {[%clk 0:54:22]} 33. h6
{[%clk 0:17:05]} Nf7 {[%clk 0:49:40]} 34. Qh4 {[%clk 0:11:01]} Reg8+
{[%clk 0:49:11]} 35. Kf1 {[%clk 0:10:36]} Ng5 {[%clk 0:45:29]} 36. Bxg5
{[%clk 0:09:28]} Rxg5 {[%clk 0:41:57]} 37. Rxf6 {[%clk 0:06:55]} Nxf6 38. Qxg5
{[%clk 0:07:17]} Ng8 {[%clk 0:40:29]} 39. h7 {[%clk 0:06:39]} Qxh7
{[%clk 0:40:37]} 40. Qxe5+ {[%clk 0:06:18]} Ka7 {[%clk 0:40:46]} 41. Bg2
{[%clk 0:03:23]} 1/2-1/2

[Event "EYCC 2024 - O10"]
[Site "?"]
[Date "2024.08.30"]
[Round "8.8"]
[White "Larion, Iustin"]
[Black "Buklaho, Ignacy"]
[Result "1-0"]
[BlackElo "1813"]
[WhiteElo "1902"]
[LiveChessVersion "1.4.8"]

1. d4 {[%clk 1:30:30]} d5 {[%clk 1:30:46]} 2. Bg5 {[%clk 1:30:30]} c5
{[%clk 1:30:50]} 3. e3 {[%clk 1:30:54]} h6 {[%clk 1:30:52]} 4. Bh4
{[%clk 1:31:14]} cxd4 {[%clk 1:31:12]} 5. exd4 {[%clk 1:31:36]} Qb6
{[%clk 1:31:19]} 6. Nf3 {[%clk 1:21:40]} Nc6 {[%clk 1:28:05]} 7. Nbd2
{[%clk 1:17:54]} g5 {[%clk 1:24:55]} 8. Bg3 {[%clk 1:17:17]} Bg7 {[%clk 1:25:15]}
9. Nb3 {[%clk 1:15:57]} Nf6 {[%clk 1:24:54]} 10. Ne5 {[%clk 1:06:55]} O-O
{[%clk 1:16:57]} 11. Nxc6 {[%clk 1:04:03]} Qxc6 {[%clk 1:16:16]} 12. Bd3
{[%clk 1:01:36]} Bg4 {[%clk 1:15:42]} 13. Be2 {[%clk 1:00:35]} Bxe2
{[%clk 1:10:40]} 14. Qxe2 {[%clk 1:01:03]} Ne4 {[%clk 1:10:43]} 15. O-O
{[%clk 0:55:17]} a5 {[%clk 1:09:57]} 16. a4 {[%clk 0:50:52]} b6 {[%clk 1:00:49]}
17. c3 {[%clk 0:48:11]} Rac8 {[%clk 0:56:44]} 18. Nd2 {[%clk 0:44:53]} Nxd2
{[%clk 0:56:12]} 19. Qxd2 {[%clk 0:45:17]} Qd7 {[%clk 0:55:34]} 20. Rfe1
{[%clk 0:42:14]} Rfe8 {[%clk 0:51:52]} 21. h4 {[%clk 0:36:48]} Qg4
{[%clk 0:48:55]} 22. hxg5 {[%clk 0:36:36]} hxg5 {[%clk 0:49:05]} 23. Be5
{[%clk 0:33:31]} f6 {[%clk 0:48:31]} 24. Bh2 {[%clk 0:32:34]} Kf7
{[%clk 0:46:17]} 25. Qe3 {[%clk 0:29:57]} e6 {[%clk 0:44:58]} 26. f3
{[%clk 0:24:13]} Qf5 {[%clk 0:40:41]} 27. Re2 {[%clk 0:22:34]} Rc6
{[%clk 0:34:53]} 28. Rae1 {[%clk 0:21:31]} Rh8 {[%clk 0:33:45]} 29. Qf2
{[%clk 0:18:30]} Re8 {[%clk 0:25:12]} 30. Re3 {[%clk 0:16:58]} Bf8
{[%clk 0:22:50]} 31. Qe2 {[%clk 0:11:09]} Bd6 {[%clk 0:21:47]} 32. Bxd6
{[%clk 0:09:51]} Rxd6 {[%clk 0:22:11]} 33. Qa6 {[%clk 0:09:21]} Qf4
{[%clk 0:18:18]} 34. Qb7+ {[%clk 0:09:02]} Re7 {[%clk 0:18:35]} 35. Qb8
{[%clk 0:07:10]} Re8 {[%clk 0:18:52]} 36. Qb7+ {[%clk 0:07:00]} Re7
{[%clk 0:19:14]} 37. Qa6 {[%clk 0:06:45]} Re8 {[%clk 0:19:15]} 38. Kf2
{[%clk 0:05:27]} Qh4+ {[%clk 0:16:46]} 39. Ke2 {[%clk 0:05:04]} Qf4
{[%clk 0:16:15]} 40. Rh1 {[%clk 0:04:27]} Qf5 {[%clk 0:03:47]} 41. Kd2
{[%clk 0:03:50]} Rd7 {[%clk 0:03:54]} 42. g4 {[%clk 0:03:10]} Qg6
{[%clk 0:03:05]} 43. Qxb6 {[%clk 0:03:27]} Rde7 {[%clk 0:01:34]} 44. Qxa5
{[%clk 0:02:30]} Qg7 {[%clk 0:01:36]} 45. Rhe1 {[%clk 0:02:05]} Qg6
{[%clk 0:00:48]} 46. Kc1 {[%clk 0:02:11]} Rh8 {[%clk 0:00:46]} 47. Qa6
{[%clk 0:01:43]} Rh2 {[%clk 0:00:38]} 48. R3e2 {[%clk 0:01:31]} Qh7
{[%clk 0:00:45]} 49. Rxh2 {[%clk 0:01:45]} Qxh2 {[%clk 0:01:07]} 50. Qe2
{[%clk 0:01:40]} Qb8 {[%clk 0:00:51]} 51. Rh1 {[%clk 0:01:17]} Qb3
{[%clk 0:00:39]} 52. Rh7+ {[%clk 0:01:39]} Ke8 {[%clk 0:00:35]} 53. Qb5+
{[%clk 0:01:57]} Qxb5 {[%clk 0:00:52]} 54. Rxe7+ {[%clk 0:02:20]} Kxe7
{[%clk 0:01:16]} 55. axb5 {[%clk 0:02:45]} Kd6 {[%clk 0:01:37]} 56. Kc2
{[%clk 0:02:12]} Kc7 {[%clk 0:01:55]} 57. b3 {[%clk 0:02:33]} Kb6
{[%clk 0:01:53]} 58. c4 {[%clk 0:02:50]} Ka5 {[%clk 0:01:58]} 59. Kc3
{[%clk 0:02:25]} Kb6 {[%clk 0:02:05]} 60. cxd5 {[%clk 0:02:38]} exd5
{[%clk 0:02:20]} 61. Kb4 {[%clk 0:01:52]} Kb7 {[%clk 0:02:26]} 62. Kc5
{[%clk 0:02:20]} Kc7 {[%clk 0:02:39]} 63. Kxd5 {[%clk 0:02:43]} Kb6
{[%clk 0:03:01]} 64. Ke6 {[%clk 0:03:06]} Kxb5 {[%clk 0:03:12]} 65. Kxf6
{[%clk 0:03:33]} Kc6 {[%clk 0:03:21]} 66. Kxg5 {[%clk 0:03:50]} Kd5
{[%clk 0:03:29]} 67. Kf6 {[%clk 0:04:13]} Kxd4 {[%clk 0:03:50]} 68. g5
{[%clk 0:04:41]} Ke3 {[%clk 0:04:02]} 69. g6 {[%clk 0:05:03]} Kxf3
{[%clk 0:04:20]} 70. b4 {[%clk 0:05:29]} Ke4 {[%clk 0:04:28]} 71. b5
{[%clk 0:05:56]} Kd5 {[%clk 0:04:51]} 72. g7 {[%clk 0:06:24]} Kc5
{[%clk 0:05:12]} 73. g8=Q {[%clk 0:06:32]} Kxb5 {[%clk 0:05:38]} 74. Qc8
{[%clk 0:06:54]} Kb4 {[%clk 0:06:02]} 75. Qc6 {[%clk 0:07:19]} Kb3
{[%clk 0:06:24]} 76. Qc5 {[%clk 0:07:44]} Kb2 {[%clk 0:06:46]} 77. Qc4
{[%clk 0:08:09]} Kb1 {[%clk 0:07:09]} 78. Qe2 {[%clk 0:08:34]} Ka1
{[%clk 0:07:26]} 79. Ke5 {[%clk 0:08:57]} Kb1 {[%clk 0:07:45]} 80. Kd4
{[%clk 0:09:21]} Ka1 {[%clk 0:08:07]} 81. Kc3 {[%clk 0:09:45]} Kb1
{[%clk 0:08:25]} 82. Qb2# {[%clk 0:10:00]} 1-0